000 00368 a2200109 4500
001 ART_47716
005 20260410162018.0
008 260409a
245 1 0 _aAspectos procedimentales de las acciones de filiación
100 1 _aOlmo, Juan P.
773 0 _tTemas de derecho de familia, sucesiones y bioética
_g- Año 3, N° 10 (oct. 2018)
_wREV41029
999 _c32863
_d32863